00366 2200145 4500001002100000005001500021035002000036245008300056100001700139300000800156260002200164082000800186084001400194990001200208INLIS00000000000202120250527085305 a0010-05250003131 aBiologi Edisi Ke-2 Dasar-Dasar Persiapan Tes AP dari Para Ahli /cPhillip Pack0 aPhillip Pack a405 bPakar Raya,c2008 a570 a570 PHI b a0713211